000
00337nam a2200145Ia 4500
008
150201s2013 xx 000 0 und d
082
_a
610.7362
_b
G13P
100
_a
PAUL, VINOD K.
245
_a
GHAI ESSENTIAL PEDIATRICS
250
_a
8TH
260
_b
CBS
_a
DELHI
_c
2013
300
_a
783
650
_a
PEDIATRICS
942
_2
ddc
_c
BK
_0
2
999
_c
2187
_d
2187